التفكير الإستعاري في الدراسات الغربية : (رقم التسجيلة. 71036)

تفاصيل مارك
000 -الفاتح
عناصر البيانات ثابتة الطول 00728cam a2200193 i 4500
005 - تاريخ ووقت آخر معاملة
حقل ضبط 20260426125551.0
008 - عناصر البيانات ثابتة الطول
عناصر البيانات ثابتة الطول 250721s1998 ua gr 000 0 ara d
082 14 - رقم تصنيف ديوي العشري
رقم التصنيف 424.2
رقم المادة ص ب ر
100 1# - مدخل رئيسي – اسم شخصي
الاسم الشخصي صبرة، أحمد
تواريخ خاصة بالشخص مؤلف.
245 12 - بيان العنوان
العنوان التفكير الإستعاري في الدراسات الغربية :
بقية العنوان في نظرية الإستعارة /
بيان المسؤولية د. احمد صبرة.
264 31 - بيانات النشر، التوزيع…إلخ
مكان النشر، التوزيع...إلخ الإسكندرية :
اسم الناشر، الموزع...إلخ دار الصديقان للنشر والاعلان،
تاريخ النشر، التوزيع...إلخ 1998.
300 ## - الوصف المادي
عدد الوحدات المكونة للوعاء 138 صفحة.
650 17 - مدخل إضافي بالموضوع - مصطلح موضوعي
مصطلح موضوعي أو اسم جغرافي كعنصر مدخل اللغة الإنجليزية.
650 17 - مدخل إضافي بالموضوع - مصطلح موضوعي
مصطلح موضوعي أو اسم جغرافي كعنصر مدخل علم البلاغة
650 17 - مدخل إضافي بالموضوع - مصطلح موضوعي
مصطلح موضوعي أو اسم جغرافي كعنصر مدخل علم البيان.
650 17 - مدخل إضافي بالموضوع - مصطلح موضوعي
مصطلح موضوعي أو اسم جغرافي كعنصر مدخل الإستعارة.
942 ## - بيانات إضافية (كوها)
نوع التنصيف Dewey Decimal Classification
نوع المادة (كوها) كتب
المقتنيات
حالة السحب حالة الفقدان مصدر التصنيف حالة التلف غير قابل للإعارة المكتبة الرئيسية المكتبة الحالية موقع الرف تاريخ التزويد الرقم المتسلسل Total Checkouts رقم الإستدعاء الباركود تاريخ آخر ظهور تاريخ الفاتورة نوع المادة (كوها)
    Dewey Decimal Classification     المكتبة المركزية المكتبة المركزية الإعارة 06/07/2004 380089   424.2/ص ب ر 380089 28/07/2025 06/07/2004 كتب
    Dewey Decimal Classification     مكتبة صويلح العامة مكتبة صويلح العامة الإعارة 06/07/2004 380090   424.2/صبر 380090 28/07/2025 06/07/2004 كتب
Implemented & Customized by: BBB with SCIT (Smart Chains for Information Technology)

Powered by Koha